New industrial policy and industrial progress (Record no. 31266)

000 -LEADER
fixed length control field 00436pab a2200169 454500
008 - FIXED-LENGTH DATA ELEMENTS--GENERAL INFORMATION
fixed length control field 180718b1996 xxu||||| |||| 00| 0 eng d
100 ## - MAIN ENTRY--PERSONAL NAME
Personal name Nageswara Rao, K.
245 ## - TITLE STATEMENT
Title New industrial policy and industrial progress
260 ## - PUBLICATION, DISTRIBUTION, ETC.
Date of publication, distribution, etc. 1996
300 ## - PHYSICAL DESCRIPTION
Extent p.15-17
362 ## - DATES OF PUBLICATION AND/OR SEQUENTIAL DESIGNATION
Dates of publication and/or sequential designation Mar
650 ## - SUBJECT ADDED ENTRY--TOPICAL TERM
Topical term or geographic name entry element Industry and state - India
650 ## - SUBJECT ADDED ENTRY--TOPICAL TERM
Topical term or geographic name entry element Industrial policy
700 ## - ADDED ENTRY--PERSONAL NAME
Personal name Venkateswar Raju, T.S.P.
773 ## - HOST ITEM ENTRY
Main entry heading Kurukshetra
909 ## -
-- 31266
Holdings
Withdrawn status Lost status Damaged status Not for loan Permanent Location Current Location Date acquired Serial Enumeration / chronology Barcode Date last seen Price effective from Koha item type
        Indian Institute of Public Administration Indian Institute of Public Administration 2018-07-19 Volume no: 44, Issue no: 6 AR31428 2018-07-19 2018-07-19 Articles

Powered by Koha